000 00585nam a2200217Ia 4500
008 101110s9999 xx 000 0 und d
041 _aENGLISH
082 _bSR28546
100 _aLaxmeshwar N.B., Malushte S.M. & others
245 _aConcepts in physical chemistry SYBSc
260 _c2003
_bChetana Publication, Mumbai
300 _a170
365 _b65
520 _aChemistry
546 _aENGLISH
630 _aConcepts in physical chemistry SYBSc
650 _aChemistry
655 _aChemistry
730 _aConcepts in physical chemistry SYBSc
942 _cBOOK
999 _c821079
_d821076